Thinking in Java (Record no. 200180)
[ view plain ]
| 000 -LEADER | |
|---|---|
| fixed length control field | 00380nam a2200169Ia 4500 |
| 008 - FIXED-LENGTH DATA ELEMENTS--GENERAL INFORMATION | |
| fixed length control field | 231221s9999 xx 000 0 und d |
| 041 ## - LANGUAGE CODE | |
| Language code of text/sound track or separate title | English |
| 082 ## - DEWEY DECIMAL CLASSIFICATION NUMBER | |
| Classification number | 001.6424JAV ECK;1 |
| 100 ## - MAIN ENTRY--PERSONAL NAME | |
| Personal name | Eckel, Bruce |
| 245 #0 - TITLE STATEMENT | |
| Title | Thinking in Java |
| 250 ## - EDITION STATEMENT | |
| Edition statement | 2nd ed. |
| 260 ## - PUBLICATION, DISTRIBUTION, ETC. | |
| Date of publication, distribution, etc. | 2001 |
| Name of publisher, distributor, etc. | Pearson Education |
| 300 ## - PHYSICAL DESCRIPTION | |
| Extent | 1127 |
| 300 ## - PHYSICAL DESCRIPTION | |
| Dimensions | CD853 |
| 650 ## - SUBJECT ADDED ENTRY--TOPICAL TERM | |
| Topical term or geographic name entry element | Java |
| 942 ## - ADDED ENTRY ELEMENTS (KOHA) | |
| Koha item type | Books Test |
| Date last seen | Total checkouts | Full call number | Accession number | Uniform resource identifier | Cost, total (INR) price | Price effective from | Category | Lost status | Damaged status | Department | Withdrawn status | Home library | Current library | Shelving location | Entry date | Vendor | Cost, normal purchase price | Grants | Billnumber | Billdate | Currency symbol | Conversion rate | Discount | Old discount |
|---|---|---|---|---|---|---|---|---|---|---|---|---|---|---|---|---|---|---|---|---|---|---|---|---|
| 26/01/2024 | 001.6424JAV ECK;1 | BK335 | //Lib_server/Compact Disks/CD855/Home.htm | 420.75 | 26/01/2024 | Books Test | Central Library | Central Library | Central Library | Central Library | Sapna Book House | 495.00 | CS | 17284 | 24/12/2008 | RS | 1 | 74.25 | 15 | |||||
| 26/01/2024 | 001.6424JAV ECK;2 | BK336 | //Lib_server/Compact Disks/CD855/Home.htm | 420.75 | 26/01/2024 | Books Test | Central Library | Central Library | Central Library | Central Library | Sapna Book House | 495.00 | CS | 17284 | 23/01/2009 | RS | 1 | 74.25 | 15 | |||||
| 26/01/2024 | 001.6424JAV ECK;3 | BK337 | //Lib_server/Compact Disks/CD855/Home.htm | 420.75 | 26/01/2024 | Books Test | Central Library | Central Library | Central Library | Central Library | Sapna Book House | 495.00 | CS | 17284 | 24/12/2008 | RS | 1 | 74.25 | 15 | |||||
| 26/01/2024 | 001.6424JAV ECK; | CD854 | //Lib_server/Compact Disks/CD855/Home.htm | 26/01/2024 | Compact Disks | Central Library | Central Library | Central Library | Central Library | Sapna Book House | MCA | 17284 | 06/08/2009 | RS | 1 | 15 |
